Jeopardy (Coupes du Monde de Football) - Trouve la bonne question - Statistiques

Statistiques générales
  • Ce quiz a été pris 47 fois
  • Le résultat moyen est 14 sur 15
Statistiques - réponses
Hint Réponse % Correct
Maroc Quel est le seul pays d'Afrique a avoir atteint les 1/2 finale d'une Coupe du Monde ?
100%
3-0 Quel fut le score de la finale France-Brésil 1998 ?
100%
7-5 Quel fut le score du match Autriche-Suisse en 1/4 de finale de la Coupe du Monde 1954 ?
100%
France-Mexique Lors de quel match Lucien Laurent a t-il inscrit le premier but de l'histoire de la Coupe du Monde ?
98%
Kylian Mbappé Quel joueur a marqué un triplé en finale de la Coupe du Monde 2022 ?
98%
Diego Maradona Quel joueur Argentin a inscrit un doublé, dont un but de la main, contre l'Angleterre lors de la Coupe du Monde 1986
98%
Uruguay-Argentine Quelle était la finale de la première Coupe du Monde ?
98%
Pays-Bas Quel pays a disputé 3 finales de Coupe du Monde et a perdu les 3 ?
98%
Misolav Klose Quel joueur est le meilleur buteur, toutes Coupes du Monde confondues ?
96%
Brésil Quel pays a remporté 5 Coupes du Monde de Football ?
96%
Salvador Quel pays s'est incliné 1-10 contre la Hongrie, lors de la Coupe du Monde 1982 ?
96%
Just Fontaine Quel joueur a marqué 13 buts lors de la Coupe du Monde 1958 ?
93%
Egypte Quel pays d'Afrique a participé à la Coupe du Monde 1934 ?
93%
Emirats Arabes Unis Quel pays d'Asie a participé à sa première Coupe du Monde en 1990 ?
87%
Corée du Nord Quel pays asiatique a battu l'Italie 1-0 lors de la Coupe du Monde 1966 ?
73%
Aucun quiz correspondant
Distribution des résultats
% des personnes avec chaque résultat
Percentile par nombre de réponses
Votre historique - résultats
Vous n’avez pas pris ce quiz